Beryllium /

Bibliographic Details
Main Author: Darwin, George Erasmus
Other Authors: Buddery, John Harold
Format: Book
Language:English
Published: London : Butterworths Scientific Publications, 1960.
Series:Metallurgy of the rarer metals ; 7.
Subjects:

MARC

Tag First Indicator Second Indicator Subfields
LEADER 00000cam a2200000 i 4500
001 in00000095241
005 20150927110701.0
008 760109s1960 enkad 00110 eng c
035 |a (OCoLC)01919672 
035 |9 AAL7123AM 
040 |a ICJ  |c PMC  |d PMC  |d TXA  |d UtOrBLW 
049 |a TXAM  |c [377741] 
090 |a TN799.B4  |b D3 1960a 
100 1 |a Darwin, George Erasmus. 
245 1 0 |a Beryllium /  |c by G. E. Darwin and J. H. Buddery. 
264 1 |a London :  |b Butterworths Scientific Publications,  |c 1960. 
300 |a ix, 392 pages :  |b illustrations ;  |c 22 cm. 
336 |a text  |b txt  |2 rdacontent 
337 |a unmediated  |b n  |2 rdamedia 
338 |a volume  |b nc  |2 rdacarrier 
490 1 |a Metallurgy of the rarer metals,  |v v. 7 
504 |a Includes bibliography. 
650 0 |a Beryllium  |x Metallurgy. 
700 1 |a Buddery, John Harold. 
830 0 |a Metallurgy of the rarer metals ;  |v 7. 
999 |a MARS 
999 f f |s 4d062cef-0925-3725-9981-87a610a21eee  |i b448e160-c8cc-3b0a-8d59-7512a01ed563  |t 0 
952 f f |p ric  |a Texas A&M University  |b Rellis Campus  |c Joint Library Facility  |d Remote Storage  |t 0  |e TN799.B4 D3 1960a  |h Library of Congress classification  |i unmediated -- volume  |m A14805583254 
998 f f |a TN799.B4 D3 1960a  |t 0  |l Remote Storage